| 000 | 00350nam a22001457a 4500 | ||
|---|---|---|---|
| 020 | _qHB. | ||
| 040 | _cFIZZA ISHAQ | ||
| 082 |
_a690.0285 _bKAR |
||
| 100 |
_aKENSEK, M. KAREN. _990462 |
||
| 245 |
_aBUILDING INFORMATION MODELING / _cKAREN M. KENSEK. |
||
| 250 | _a1st ED. | ||
| 260 |
_bJOHN WELEY, _c2015. |
||
| 300 | _a397 P. ; | ||
| 942 |
_2ddc _cBK |
||
| 999 |
_c588671 _d588671 |
||